Využívanie benefitov pri tvorbe systému odmeňovania diplomová práca
Guardado en:
| Autor principal: | |
|---|---|
| Autor Corporativo: | |
| Otros Autores: | |
| Formato: | Libro |
| Lenguaje: | eslovaco |
| Publicado: |
Bratislava
2010
|
| Etiquetas: |
Sin Etiquetas, Sea el primero en etiquetar este registro!
|
MARC
| LEADER | 00000nam a2200000 4500 | ||
|---|---|---|---|
| 001 | 0119715 | ||
| 005 | 20240318123851.6 | ||
| 041 | 0 | |a slo | |
| 044 | |a SK | ||
| 245 | 1 | 0 | |a Využívanie benefitov pri tvorbe systému odmeňovania |b diplomová práca |c Michal Frtús ; škol. Zuzana Joniaková |
| 264 | 1 | |a Bratislava |c 2010 | |
| 300 | |a 105 s. | ||
| 100 | 1 | |a Frtús, Michal | |
| 700 | 1 | |a Joniaková, Zuzana, 1970- | |
| 710 | 2 | |a Fakulta podnikového manažmentu EU. Katedra manažmentu | |